Normal view
MARC view
- Mahmood, M
Entry Personal Name
001 - CONTROL NUMBER
- control field: 85733
003 - CONTROL NUMBER IDENTIFIER
- control field: NUST
005 - DATE AND TIME OF LATEST TRANSACTION
- control field: 20211206115218.0
008 - FIXED-LENGTH DATA ELEMENTS
- fixed length control field: 211206|| aca||aabn | a|a d
040 ## - CATALOGING SOURCE
- Original cataloging agency: NUST
- Transcribing agency: NUST
100 ## - HEADING--PERSONAL NAME
- Personal name: Mahmood, M
670 ## - SOURCE DATA FOUND
- Source citation: Work cat.: (NUST)0: Mahmood, M. author., An exhaustive commentary on the Qanun-e-Shahadat Order, 1984 /
